| 000 | 01182cam a22002891i 4500 | ||
|---|---|---|---|
| 003 | SA-RiAUC | ||
| 005 | 20241005155815.0 | ||
| 008 | 241003s2016 su g 000 0aara c | ||
| 020 | _a9786030197705 | ||
| 040 |
_aSA-MaHRM _bara _cSA-RiAUC _erda |
||
| 043 | _aa-su--- | ||
| 082 | 0 | 4 |
_a923.8 _qSA-RiAUC |
| 090 |
_a923.8 _bف ق ي |
||
| 100 | 1 |
_aفقيه، عبد الرحمن عبد القادر، _d1343 هجري- _eمؤلف. |
|
| 245 | 1 | 0 |
_aلمحات من حياتي / _cعبد الرحمن عبد القادر فقيه. |
| 250 | _aالطبعة الثالثة. | ||
| 264 | 1 |
_aمكة المكرمة : _bالسروات للنشر والتوزيع، _c2016 |
|
| 300 |
_a396 صفحة ؛ _c24 سم |
||
| 336 |
_aنص _btxt _2rdacontent _3كتاب |
||
| 337 |
_aبدون وسيط _bn _2rdamedia |
||
| 338 |
_aمجلد _bnc _2rdacarrier |
||
| 600 | 1 | 7 |
_aفقيه، عبد الرحمن عبد القادر، _d1343 هجري- _vيوميات _2aucnm |
| 650 | 7 |
_aإدارة الأعمال _zالسعودية _vمرويات شخصية _2aucsh |
|
| 650 | 7 |
_aرجال الأعمال السعوديون _vتراجم _2aucsh |
|
| 942 |
_2ddc _cBOOK _n0 |
||
| 949 |
_aSA-JeALM _d241003 _umohamedma123 _n1 |
||
| 999 |
_c884 _d884 |
||